Normal view MARC view
  • Baqar, Muhammad

Entry Personal Name

Number of records used in: 2

001 - CONTROL NUMBER

  • control field: 14865

003 - CONTROL NUMBER IDENTIFIER

  • control field: NUST

005 - DATE AND TIME OF LATEST TRANSACTION

  • control field: 20190614113811.0

008 - FIXED-LENGTH DATA ELEMENTS

  • fixed length control field: 190614|| aca||aabn | a|a d

040 ## - CATALOGING SOURCE

  • Original cataloging agency: NUST
  • Transcribing agency: NUST

100 ## - HEADING--PERSONAL NAME

  • Personal name: Baqar, Muhammad

670 ## - SOURCE DATA FOUND

  • Source citation: Work cat.: (NUST): Baqar, Muhammad, Haath
© 2023 Central Library, National University of Sciences and Technology. All Rights Reserved.